00865cam a2200241 a 450000100060000000300080000600500170001400800410003103500190007204000270009104100080011808200270012610000440015324500450019726000380024230000260028050000970030650000890040350000200049250400320051265000390054465000400058336309BD-RjUL20211209052452.0140619s1963 pk b 001 0 eng d a(BD-RjUL)36406 aNUNbengcNUNdBD-RjUL aeng04a342.5491219bCHD 19631 aChoudhury, G. W.q(Golam Wahed),d1926-10aDemocracy in Pakistan /cG.W. Choudhury. aDacca :bGreen Book House,c1963. axix, 309 p. ;c25 cm. aPublished under the auspices of the Social Sciences Research Committee, University of Dacca. aIssued in co-operation with the Publications Centre, University of British Columbia. aIncludes index. aBibliography: p. [297]-306. 0aPakistan xConstitutional history. 0aPakistan xPolitics and government.